000 00624nam a2200229 i 4500
001 C2-0219629
003 PPAK
005 20180728112000.0
008 990906s1952 si a|||| ||||| | may d
040 _aPPAK
_beng
_cPPAK
_erda
082 0 4 _a301.205
_2 23
090 0 0 _a301.205
_bHIB
_dKK
245 0 0 _aHiburan 1952
264 1 _aSingapura :
_bAbdullah bin Ali ,
_c1952
300 _avarious pages :
_billustrations ;
_c19 cm
336 _2rdacontent
_atext
337 _2rdamedia
_aunmediated
338 _2rdacarrier
_avolume
500 _aJilid ; Teks dalam tulisan jawi
650 1 0 _aPeriodicals
942 _ddc
_cB
999 _c162192
_d162192